000 01916cam a2200457 4500500
005 20260322002437.0
041 _afre
042 _adc
100 1 0 _aGrelley, Pierre
_eauthor
700 1 0 _aMinonzio, Jérôme
_eauthor
245 0 0 _aHelp for caregivers
260 _c2023.
500 _a83
520 _aThis text examines the historical evolution of scientific research models, from Enlightenment-based fundamental research to contemporary participatory research. Each period addresses specific societal challenges: understanding the world, solving problems, technological innovation, or social transformation. In response to current ecological and democratic crises, it argues for a scientific continuum based on the complementarity of knowledge, integrating citizens and researchers to build sustainable and just solutions.
690 _aAEEH
690 _aaidants
690 _aaide aux aidants
690 _aAjap
690 _aAJPA
690 _aAJPP
690 _aallocation d’éducation de l’enfant handicapé
690 _aallocation journalière d’accompagnement d’une personne en fin de vie
690 _aallocation journalière de présence parentale
690 _aallocation journalière du proche aidant
690 _aallocation personnalisée d’autonomie
690 _aApa
690 _acongé
690 _acongé de présence parentale
690 _acongé de proche aidant
690 _acongé de solidarité familiale
690 _aCPA
690 _aCPP
690 _aCSF
690 _adroit du travail
690 _afiscalité
690 _aPCH
690 _aPrestation de compensation du handicap
690 _aprestations sociales
786 0 _nInformations sociales | o 208 | 4 | 2023-05-03 | p. 93-98 | 0046-9459
856 4 1 _uhttps://shs.cairn.info/journal-informations-sociales-2022-4-page-93?lang=en&redirect-ssocas=7080
999 _c1723529
_d1723529